| 000 | 01100nas a2200325 4500 | ||
|---|---|---|---|
| 001 | BR2015002975 | ||
| 003 | BR-BrBNA | ||
| 005 | 20231205125405.0 | ||
| 007 | ta | ||
| 008 | 230509b bl.|||p| |||| 00| 00por d | ||
| 040 |
_aBR-BrBNA _bpor _cBiblioteca Nacional de Agricultura |
||
| 041 | _a(Pt) | ||
| 072 | _aP30 | ||
| 100 | 1 | _aSampaio, F. de M.T. | |
| 100 | 1 | _aFerreira, M.M. | |
| 100 | 1 | _aOliveira, M.S. de | |
| 100 | 1 | _aAlmeida, A.C. | |
| 100 | 1 | _aJosé, M.R. | |
| 245 | 1 | _aVariabilidade espacial da umidade de um Latossolo Vermelho-Amarelo sob plantio direto | |
| 246 | 1 | _aSpatial variability of soil water content of a Red-Yellow Latosol under no-tillage | |
| 650 | _aMANEJO DO SOLO | ||
| 650 | _aLATOSSOLO VERMELHO AMARELO | ||
| 650 | _aPLANTIO DIRETO | ||
| 650 | _aANALISE ESTATISTICA | ||
| 650 | _aDISTRIBUICAO GEOGRAFICA | ||
| 773 | 0 |
_tEngenharia Agrícola (Brazil) _xISSN 1809-4430 _g(Sep-Oct 2010), v. 30(5) p. 854-861 _wBR2015002975 |
|
| 856 | 4 | 0 | _uhttp://www.scielo.br/pdf/eagri/v30n5/v30n5a08.pdf |
| 909 |
_a202311 _bLúcia _c55 _dLúcia Elande |
||
| 942 |
_2AGRIS _n0 _cANA |
||
| 999 |
_c244126 _d244126 |
||